00792nam a2200169 i 450000100060000000300090000600500170001500700030003200800410003508000070007610000190008324503580010226000410046030000330050165000290053485200590056342457ES-MaACL20250729015731.0t|030331s1882 fr ||||1| fre d a021 aCousin, Jules.15aDe l'orgaanistion [sic] et de l'administration des bibliothèques publiques et privées b: manuel théorique & pratique du bibliothécaire : Ouvrage suivi d'un appendice contenant les arrêtés,... relatifs aux bibliothèques universitaires,... circulantes... et... populaires, et acompagné de figs. interc. dans le texte / cpar Jules Cousin. aParis : bG. Pedone-Lauriel, c1882. aX, 374 p. : bil. ; c22 cm.07aBiblioteconomía2embne aES-MaACLjB-3524(1) q. - Encuadernado con otras obras